II Межрегиональный педагогический форум "Педагог, наставник, друг", 7 февраля 2023 (Запись № 13539206)

Подробности
000 -МАРКЕР
контрольное поле 02940nam0a2200409 4500
001 - ИДЕНТИФИКАТОР ЗАПИСИ
контрольное поле RU\NLR\BIBL_A\022658829
005 - ИДЕНТИФИКАТОР ВЕРСИИ
контрольное поле 20260408144607.0
010 ## - МЕЖДУНАРОДНЫЙ СТАНДАРТНЫЙ НОМЕР КНИГИ (ISBN)
Номер (ISBN) 978-5-6049530-2-0
Тираж 150
035 ## - ДРУГИЕ СИСТЕМНЫЕ НОМЕРА
Идентификатор записи (NLR Aleph) 022658829
100 ## - ДАННЫЕ ОБЩЕЙ ОБРАБОТКИ
Данные общей обработки 20251101d2023 k y0rusy50 ca
101 0# - ЯЗЫК РЕСУРСА
Язык текста, звукозаписи и т.д. русский
102 ## - СТРАНА ПУБЛИКАЦИИ ИЛИ ПРОИЗВОДСТВА
Страна публикации российская федерация
105 ## - ПОЛЕ КОДИРОВАННЫХ ДАННЫХ: ТЕКСТОВЫЕ МАТЕРИАЛЫ, МОНОГРАФИЧЕСКИЕ
Кодированные данные о монографическом текстовом документе a z 100yy
181 #0 - ПОЛЕ КОДИРОВАННЫХ ДАННЫХ: ВИД СОДЕРЖАНИЯ
Код вида содержания (ISBD) i
Код характеристики содержания (ISBD) axxe
182 #0 - ПОЛЕ КОДИРОВАННЫХ ДАННЫХ: ТИП СРЕДСТВА
Код типа средства (ISBD) n - непосредственное
200 1# - ЗАГЛАВИЕ И СВЕДЕНИЯ ОБ ОТВЕТСТВЕННОСТИ
Основное заглавие II Межрегиональный педагогический форум "Педагог, наставник, друг", 7 февраля 2023
Сведения, относящиеся к заглавию сборник тезисов
Первые сведения об ответственности Министерство науки и высшего образования Российской Федерации, Губкинский филиал Федерального государственного бюджетного образовательного учреждения высшего образования "Белгородский государственный технологический университет имени В. Г. Шухова"
203 ## - ВИД СОДЕРЖАНИЯ И ТИП СРЕДСТВА
Вид содержания Текст
Дополнительные сведения об издании визуальный
Тип средства непосредственный
210 ## - ПУБЛИКАЦИЯ, РАСПРОСТРАНЕНИЕ И ДР.
Место издания, распространения и т.д. Старый Оскол
Имя издателя, распространителя и т. д. Ассистент плюс
Дата издания, распространения и т.д. 2023
215 ## - ФИЗИЧЕСКАЯ ХАРАКТЕРИСТИКА
Специфическое обозначение материала и объем 272 с.
Другие сведения о физической характеристике цв. ил.
Размеры 20
300 ## - ОБЩИЕ ПРИМЕЧАНИЯ
Текст примечания Загл. над вып. дан.: Межрегиональный педагогический форум "Педагог, наставник, друг"
300 ## - ОБЩИЕ ПРИМЕЧАНИЯ
Текст примечания Загл. в макете: Педагог, наставник, друг: сборник тезисов II Межрегионального педагогического форума
517 1# - ДРУГИЕ ВАРИАНТЫ ЗАГЛАВИЯ
Вариант заглавия Межрегиональный педагогический форум "Педагог, наставник, друг"
517 1# - ДРУГИЕ ВАРИАНТЫ ЗАГЛАВИЯ
Вариант заглавия Педагог, наставник, друг: сборник тезисов II Межрегионального педагогического форума
532 10 - РАСШИРЕННОЕ ЗАГЛАВИЕ
Заглавие Второй Межрегиональный педагогический форум "Педагог, наставник, друг", 7 февраля 2023
600 #1 - ИМЯ ЛИЦА КАК ПРЕДМЕТ
Начальный элемент ввода Ушинский
Часть имени, кроме начального элемента ввода К. Д.
Даты 1824 - 1870
Расширение инициалов личного имени Константин Дмитриевич
Формальный подзаголовок Тезисы докладов
Тематический подзаголовок Педагогические взгляды
Системный номер авторитетной/нормативной записи 1875248
Идентификатор авторитетной/нормативной записи RU\NLR\AUTH\661142428
606 1# - НАИМЕНОВАНИЕ ТЕМЫ КАК ПРЕДМЕТ
Наименование темы Педагогика
Формальный подзаголовок Тезисы докладов
Системный номер авторитетной/нормативной записи 921924
Идентификатор авторитетной/нормативной записи RU\NLR\AUTH\6619222
606 1# - НАИМЕНОВАНИЕ ТЕМЫ КАК ПРЕДМЕТ
Наименование темы Педагоги
Формальный подзаголовок Тезисы докладов
Тематический подзаголовок Профессиональная деятельность
Системный номер авторитетной/нормативной записи 2558946
Идентификатор авторитетной/нормативной записи RU\NLR\AUTH\661513805
686 1# - ИНДЕКСЫ ДРУГИХ КЛАССИФИКАЦИЙ
Индекс Ч314.21я431
686 1# - ИНДЕКСЫ ДРУГИХ КЛАССИФИКАЦИЙ
Индекс Ч33(2)51-273я431
686 1# - ИНДЕКСЫ ДРУГИХ КЛАССИФИКАЦИЙ
Индекс Ч30я431
710 12 - НАИМЕНОВАНИЕ ОРГАНИЗАЦИИ - ПЕРВИЧНАЯ ОТВЕТСТВЕННОСТЬ
Начальный элемент ввода "Педагог, наставник, друг", межрегиональный педагогический форум
Порядковый номер временной организации и / или порядковый номер ее части 2
Дата проведения временной организации 2023
Место проведения временной организации Губкин
Идентификатор авторитетной/нормативной записи RU\NLR\AUTH\880634527
Системный номер авторитетной/нормативной записи 2684905
942 ## - ДОПОЛНИТЕЛЬНЫЕ ЭЛЕМЕНТЫ ЗАПИСИ (АБИС)
Тип экземпляра АБИС Книга
980 ## - КОЛЛЕКЦИЯ
Название коллекции Национальная библиография

Нет доступных экземпляров.